00453nam a2200121Ia 4500008004100000024006800041082001800109100009000127245003000217260002500247600002100272650003800293250506s9999 xx 000 0 und d a16B-037-BS. 16B-035-BS, 16B-021-BS, 17B-085-CS & 17B-111-CS a004.99072 SAL aSalik Ahmed Sheikh, Hamza Iqbal, Salman Faisal, Sheikh Muhammad Ahsan & Iqra Siddiqui 0aCovid Violation Detection aKarachi:bUIT,c2017 aComputer Science aBachelor of Computer Science (BS)